000 005380000a22001810004500
090 _aAR
_b00134
245 1 0 _aAcre reserva extrativista do alto juruá
650 1 4 _aReservas extractivas
_919751
650 1 4 _aUso sostenible
_9344
650 1 4 _aRecursos forestales
_992984
650 1 4 _aDesarrollo rural
_992673
651 4 _pBrasil
_992749
041 0 _aPortugués
700 1 _aAssis Menezes, Mario
_992985
100 1 _aBarbosa de Almeida, Mauro William
_992986
942 _cARTICULO
773 1 _tDestino da Floresta
_360
_q165-225
_d1990?
999 _c9235
_d9235